Tasavvufa giriş (Record no. 277)

MARC details
000 -BAŞLIK
Sabit Uzunlukta Kontrol Alanı 00712na a2200241 4500
001 - KONTROL NUMARASI
Denetim Alanı 12924
003 - KONTROL NUMARASI IDENTIFIER
Denetim Alanı MIRAKIL
005 - SON İŞLEM TARİHİ VE ZAMANI
Denetim Alanı 20181213154741.0
008 - SABİT-BOY VERİ ELEMANLARI - GENEL BİLGİLER
Sabit Uzunlukta Kontrol Alanı 161010b tu 000 0
020 ## - ULUSLARARASI STANDART KİTAP NUMARASI
Uluslararası Standart Kitap Numarası 9786055935023
040 ## - KATALOGLAMA KAYNAK
Orijinal Kataloglama Ajansı Milas
Kataloglama Dili tur
Metne Dönüştürmek Ajansı TR-AnCHP
041 ## - DİL KODU
Metin / Ses Parça Veya Ayrı Başlığın Dil Kodu tur
082 ## - DEWEY ONLU SINIFLANDIRMA NUMARASI
Sınıflandırma Numarası 294.4
Ürün Numarası Ö95t 2008
090 ## - SINIFLAMA NUMARASI
Sınıflama Numarası 294.4 Ö95t 2008
100 ## - ANA GİRİŞ - KİŞİSEL İSİM
Kişisel Ad Özmen, İsmail
245 ## - BAŞLIK TABLOSU
Başlık Tasavvufa giriş
Başlığın Kalan tasavvufun çeşitli yönlerden bilimsel açıklaması
Sorumluluk Tablosu, Vb İsmail Özmen
246 ## - UNVAN FORM VARYING
Başlık Doğru / Kısa Başlığı tasavvufun çeşitli yönlerden bilimsel açıklaması
260 ## - YAYIN, DAĞITIM, VB
Yayın, Dağıtım, Vb Yeri İstanbul
Yayıncı, Dağıtıcı, Vs Adı Parşömen Yayıncılık
Yayın, Dağıtım, Vb Tarihi 2008
300 ## - FİZİKSEL TANIM
Kapsam 421 s.
Boyutlar 21 sm.
504 ## - KAYNAKÇA VB NOT
Kaynakça Vb Notu Kaynakça var.
650 ## - KONU KATMA GİRİŞ - TOPİKAL DÖNEM
Topikal Süreli Veya Coğrafi Ad Giriş Elemanı İslam
Genel Alt Bölümü Tasavvuf
942 ## - EKLENDİ GİRİŞ ELEMANLARI (KOHA)
Sınıflandırma Veya Raf Düzeni Kaynak Dewey Decimal Classification
Koha Öğesi Türü Books
999 ## - SİSTEM KONTROL NUMARALARI (KOHA)
Koha Biblionumber 277
Koha Biblioitemnumber 277
Holdings
Kalıcı Konum Mevcut Konum Edinme Tarihi Edinim Kaynak Toplam Check-Out'Lar Tam Çağrı Numarası Barkod Tarih Son Görülme İtibaren Geçerli Fiyatlar Koha Öğesi Türü
CHP Kütüphanesi CHP Kütüphanesi 08/03/2016 Bağış   294.4 Ö95t 2008 000494 08/03/2016 08/03/2016 Books